Geography Quiz

Random Geography or City Quiz
Score 0/39 Timer 08:00
0 Plays Today
Population Urban Area % Correct
5,580,000Atlanta, USA
89.6%
3,495,000Athens, Greece
89%
4,795,000Ankara, Turkey
85.5%
1,805,000Austin, USA
85.5%
4,225,000Addis Ababa, Ethiopia
84.4%
1,670,000Amsterdam, Netherlands
83.8%
5,075,000Alexandria, Egypt
82.1%
1,195,000Adelaide, Australia
80.9%
5,455,000Amman, Jordan
77.7%
4,335,000Accra, Ghana
77.5%
7,715,000Ahmedabad, India
76.9%
3,820,000Algiers, Algeria
75.7%
2,815,000Asuncion, Paraguay
74.6%
2,695,000Abuja, Nigeria
74%
2,800,000Antananarivo, Madagascar
71.1%
5,145,000Abidjan, Cote d'Ivoire
69.4%
1,525,000Auckland, New Zealand
68.8%
2,105,000Agra, India
68.2%
1,670,000Almaty, Kazakhstan
64.7%
1,795,000Abu Dhabi, UAE
64.7%
Population Urban Area % Correct
5,125,000Aleppo, Syria
64.2%
925,000Asmara, Eritrea
55.5%
915,000Antalya, Turkey
54.3%
1,025,000Antwerp, Belgium
53.8%
900,000Albuquerque, USA
52.6%
1,075,000Adana, Turkey
50.3%
900,000Arequipa, Peru
46.2%
1,595,000Anshan, China
45.1%
1,000,000Aden, Yemen
42.2%
1,385,000Allahabad, India
39.3%
1,360,000Amritsar, India
36.4%
1,325,000Aba, Nigeria
34.7%
1,400,000Anyang, China
29.5%
1,415,000Asansol, India
29.5%
900,000Aguascalientes, Mexico
26%
1,470,000Aurangabad, India
24.3%
1,330,000Ahvaz, Iran
24.3%
1,080,000Angeles City, Philippines
15%
1,140,000Aligarh, India
10.4%

You're not logged in!

Compare scores with friends on all Sporcle quizzes.
OR
Log In

Sporcle TV

Today on Sporcle TV


Watch our educational content, quiz creation guides, and fun videos on Sporcle TV.

Show Comments

Extras

Top Quizzes Today


Score Distribution

Paid Content

Your Account Isn't Verified!

In order to create a playlist on Sporcle, you need to verify the email address you used during registration. Go to your Sporcle Settings to finish the process.

Report this User

Report this user for behavior that violates our Community Guidelines.

Details: